Les formations les plus demandées sur Parcoursup (2025) - Statistiques

Statistiques générales
  • Ce quiz a été pris 81 fois
  • Le résultat moyen est 9 sur 20
Statistiques - réponses
Nombre de voeux Formation % Correct
334 183 Licence de Droit
87%
86 947 BTS Comptabilité et gestion
59%
116 034 BTS Commerce International
52%
102 111 Formation des écoles de commerce Bac + 4
52%
160 327 Formation des écoles de commerce Bac + 5
52%
778 668 PASS
52%
170 514 BTS Management Commercial Opérationnel
51%
87 001 Licence de Mathématiques
46%
90 785 Licence LLCER
46%
149 921 BTS Négociation et digitalisation de la Relation Client
45%
140 441 Licence de Psychologie
45%
98 631 Licence STAPS
45%
674 575 Formation d'ingénieur Bac + 5
41%
166 975 BUT Gestion des entreprises et des administrations
32%
197 863 BUT Techniques de commercialisation
32%
131 464 Licence Economie et gestion
32%
199 870 CPGE MPSI
29%
177 645 CPGE PCSI
28%
98 720 Sciences Po - Sciences Humaines et Sociales - Grade Master
28%
653 832 Diplôme d'Etat Infirmier
23%
Aucun quiz correspondant
Distribution des résultats
% des personnes avec chaque résultat
Percentile par nombre de réponses
Votre historique - résultats
Vous n’avez pas pris ce quiz